ბათუმის შოთა რუსთაველის სახელმწიფო უნივერსიტეტის ბიბლიოთეკა

ნასახელარი ზმნები მეგრულსა და ლაზურში / (ბიბ.ჩანაწერი № 63581)

000 -ლიდერი
ფიქსირებული სიგრძის საკონტროლო ველი 01270nam a22002417a 4500
003 - საკონტროლო ნომრის იდენტიფიკატორი
საკონტროლო ველი Ge_BSU
005 - ბოლო ოპერაციის თარიღი და დრო
საკონტროლო ველი 20251106153553.0
008 - ფიქსირებული სიგრძის მონაცემთა ელემენტები - ზოგადი ინფორმაცია
ფიქსირებული სიგრძის საკონტროლო ველი 251106s2017 ge ||||| |||| 00| 0 geo d
020 ## - წიგნის საერთაშორისო სტანდარტული ნომერი
International Standard Book Number 9789941272417
041 ## - ენის კოდი
Language code of text/sound track or separate title geo
080 ## - უნივერსალური ათობითი კლასიფიკაციის ინდექსი
Universal Decimal Classification number 811.353.32'367.625 ა-96
100 ## - მთავარი ჩანაწერი - პიროვნების სახელი
Personal name ახალაია, ნატო
9 (RLIN) 26170
245 ## - ცნობა სათაურის შესახებ
Title ნასახელარი ზმნები მეგრულსა და ლაზურში /
Statement of responsibility, etc ნატო ახალაია; რედაქტორი მერაბ ჩუხუა.
264 ## - წარმოების, გამოცემის, დისტრიბუციის და სხვა ცნობები
გამოცემის, წარმოების, დისტრიბუციის... ადგილი თბილისი :
გამოცემის, წარმოების, დისტრიბუციის... სახელწოდება საარი,
გამოცემის, წარმოების, დისტრიბუციის... თარიღი 2017.
300 ## - ფიზიკური აღწერა
Extent 220 გვ. ;
Other physical details 20 სმ.
500 ## - ზოგადი შენიშვნა
General note პროექტი განხორციელდა შოთა რუსთველის ეროვნული სამეცნიერო ფონდის ფინანსური მხარდაჭერით
504 ## - BIBLIOGRAPHY, ETC. NOTE
Bibliography, etc ბიბლიოგრ.: გვ. 207-219.
520 ## - SUMMARY, ETC.
Summary, etc რეზიუმე ინგლ. ენაზე.
653 ## - INDEX TERM--UNCONTROLLED
Uncontrolled term ზმნა მეგრულ ენაში
653 ## - INDEX TERM--UNCONTROLLED
Uncontrolled term ზმნა ლაზურ ენაში
700 ## - ADDED ENTRY--PERSONAL NAME
Personal name ჩუხუა, მერაბ
Relator term რედაქტორი
9 (RLIN) 16915
942 ## - ADDED ENTRY ELEMENTS (KOHA)
Source of classification or shelving scheme
Koha item type წიგნი
ეგზემპლარები
ჩამოწერის სტატუსი დაკარგული ეგზემპლარის სტატუსი კლასიფიკაციის წყარო ან თაროზე გაწყობის სქემა დაზიანების სტატუსი არ გაიცემა მუდმივი მდებარეობა (დაცვის ადგილი) ამჟამინდელი ადგილსამყოფელი თაროზე განთავსების ადგილი შეძენის თარიღი ღირებულება, შესყიდვის ნორმალური ფასი სრული შენახვის შიფრი შტრიხკოდი ბოლო ოპერაციის თარიღი ეგზემპლარის მიმდევრობითი ნომერი (კეტერი?) Uniform Resource Identifier ფასის ძალაში შესვლის თარიღი ეგზემპლარის სახეობა საჯარო შენიშვნა
          ბათუმის შოთა რუსთაველის სახელმწიფო უნივერსიტეტის მთავარი ბიბლიოთეკა ბათუმის შოთა რუსთაველის სახელმწიფო უნივერსიტეტის მთავარი ბიბლიოთეკა წიგნსაცავი 2025-11-06 10.00 811.353.32'367.625 ა-96 72998 2025-11-06 72998 ნაჩუქარი 2025-11-06 წიგნი 10 ლ.